| 000 | 01419pam a2200301 a 4500 | ||
|---|---|---|---|
| 001 | 16527309 | ||
| 003 | OSt | ||
| 005 | 20211117152535.0 | ||
| 008 | 101101s2010 moua b 001 0 eng | ||
| 010 | _a 2010485693 | ||
| 020 | _a9780986487446 | ||
| 040 |
_aDLC _cDLC _dDLC |
||
| 042 | _apcc | ||
| 050 | 0 | 0 | _aRC71.E24 |
| 245 | 1 | 0 |
_aThe Edmonton manual: approach to the OSCE. / _cEdited by Brent Turner, Nikhil Raghuram |
| 246 | 3 | _aApproach to the Objective structured Clinical Examination | |
| 250 | _a4th ed. | ||
| 260 |
_aEdmonton: _bUniversity of Alberta Medical Students' Association, _c2015. |
||
| 300 |
_a457 p. : _bill. ; |
||
| 505 | _aContents: Essential clinical skills -- Physical exam -- Family medicine -- Internal medicine -- Obstetrics & Gynecology -- Pediatrics --Psychiatry -- Surgery -- PHELO -- | ||
| 520 | _aClinical Nursing Skills & Techniques offers clear and comprehensive coverage of over 200 basic, intermediate and advanced skills. Features nearly 1,000 full-color photographs and drawings, a nursing process framework, step-by-step instructions with rationales, and a focus on critical thinking and evidence-based practice. | ||
| 650 | 0 |
_aNursing _vHandbooks, manuals, etc. |
|
| 700 | _qTurner, Brent | ||
| 700 | _qRaghuram, Nikhil | ||
| 906 |
_a7 _bcbc _corigcop _d2 _eocip _f20 _gy-gencatlg |
||
| 942 |
_2lcc _cBK |
||
| 999 |
_c7997 _d15497 |
||